Stockholms pendeltåg - Statistics

General Stats
  • This quiz has been taken 83 times
  • The average score is 38 of 54
Answers on the Map
Answers color-coded by a green-red scale on the quiz's map according to % correct below.
 
Answer Stats
Answer % Correct
Älvsjö
89%
Stockholm City
89%
Stockholm Odenplan
89%
Södertälje centrum
86%
Solna
86%
Stockholms södra
86%
Uppsala C
86%
Västerhaninge
86%
Årstaberg
84%
Nynäshamn
84%
Sollentuna
84%
Farsta strand
82%
Märsta
82%
Arlanda C
80%
Huddinge
80%
Flemingsberg
77%
Knivsta
77%
Sundbyberg
75%
Tumba
75%
Upplands Väsby
75%
Gnesta
73%
Rotebro
73%
Stuvsta
73%
Vega
73%
Bålsta
70%
Handen
70%
Södertälje hamn
70%
Jordbro
68%
Trångsund
68%
Ulriksdal
68%
Barkarby
66%
Helenelund
66%
Jakobsberg
66%
Kungsängen
66%
Östertälje
66%
Skogås
66%
Södertälje syd
66%
Krigslida
64%
Rosersberg
64%
Häggvik
61%
Kallhäll
61%
Ösmo
61%
Bro
59%
Järna
59%
Rönninge
59%
Norrviken
57%
Spånga
57%
Tullinge
57%
Nynäsgård
52%
Tungelsta
52%
Gröndalsviken
50%
Hemfosa
48%
Mölnbo
45%
Segersäng
45%
No matching quizzes found
Score Distribution
Percent of People with Each Score
Percentile by Number Answered
Your Score History
You have not taken this quiz